[Event "Rodovremesterskabet Gruppe D 2004"]
[Site "Rodovre"]
[Date "2004.08.31"]
[Round "1"]
[White "Achton, Steen"]
[Black "Hviid, Jens Carl"]
[Result "0-1"]
[WhiteElo "1158"]
[BlackElo "1289"]
[PlyCount "73"]
[EventDate "2004.??.??"]


1. c4 Nf6 2. Nc3 d6 3. Nf3 g6 4. g3 Bg7 5. d4 O-O 6. Bg2 c6 7. O-O Bg4 8. Qb3
Qd7 9. e4 Na6 10. Be3 Nc7 11. Rac1 Rfb8 12. Rfd1 Nfe8 13. e5 a5 14. Bf4 Ne6 15.
Be3 N6c7 16. Bf4 Ne6 17. Be3 N8c7 18. c5 d5 19. Na4 Qd8 20. Nb6 Ra7 21. a4 Na6
22. Rd2 Bxf3 23. Bxf3 Nb4 24. Bg4 Nf8 25. Bf4 e6 26. Be3 Nd7 27. Nxd7 Qxd7 28.
Rf1 b5 29. f4 Rab7 30. Rc1 bxa4 31. Qxa4 Ra7 32. b3 h5 33. Bf3 Qb7 34. Rb1 Bh6
35. h3 Kg7 36. g4 hxg4 37. hxg4 0-1

[Event "Rodovremesterskabet Gruppe D 2004"]
[Site "Rodovre"]
[Date "2004.08.31"]
[Round "1"]
[White "Akdag, Dara Sevkan"]
[Black "Meldal, Peter"]
[Result "1-0"]
[WhiteElo "1298"]
[BlackElo "1216"]
[PlyCount "75"]
[EventDate "2004.??.??"]


1. d4 d5 2. c4 e6 3. Nc3 Bb4 4. Nf3 h6 5. Ne5 Nd7 6. Qa4 Bxc3+ 7. bxc3 Ngf6 8.
Ba3 c6 9. e3 Qc7 10. Nf3 Nb6 11. Qb3 dxc4 12. Bxc4 Nxc4 13. Qxc4 Qa5 14. Qc5
Qxc5 15. Bxc5 Nd5 16. Rc1 b6 17. Ba3 b5 18. Nd2 Bd7 19. Bc5 a5 20. Ne4 f6 21.
Nd6+ Kd8 22. Nf7+ Kc7 23. Nxh8 Rxh8 24. O-O Re8 25. c4 Nb4 26. Bxb4 axb4 27.
cxb5 Rb8 28. bxc6 Bxc6 29. Rc4 Kd6 30. Rb1 Bd5 31. Rcxb4 Rxb4 32. Rxb4 Bxa2 33.
Rb7 e5 34. dxe5+ Kxe5 35. Rxg7 Bb1 36. g3 Be4 37. Re7+ Kf5 38. g4+ 1-0

[Event "Rodovremesterskabet Gruppe D 2004"]
[Site "Rodovre"]
[Date "2004.08.31"]
[Round "1"]
[White "Hjelm, John"]
[Black "Lindberg, Ole"]
[Result "0-1"]
[WhiteElo "1023"]
[BlackElo "1248"]
[PlyCount "140"]
[EventDate "2004.??.??"]


1. e4 e5 2. d3 Nf6 3. Be3 d5 4. exd5 Nxd5 5. Nd2 Nxe3 6. fxe3 Qh4+ 7. g3 Qg5 8.
Bg2 Qxe3+ 9. Qe2 Qc5 10. Nc4 Bd6 11. c3 O-O 12. b4 Qb5 13. Bf3 a5 14. a4 Qd7
15. b5 Re8 16. Qg2 e4 17. dxe4 Qe6 18. Qe2 Be5 19. Rc1 b6 20. Ne3 Qb3 21. Qc2
Qe6 22. Ne2 Bb7 23. O-O Qg6 24. Nf5 Nd7 25. Rcd1 Nc5 26. Nh4 Qg5 27. Bg2 Qe3+
28. Rf2 Bxe4 29. Qc1 Qxc1 30. Rxc1 Bxg2 31. Kxg2 Nd3 32. Rd1 Nxf2 33. Kxf2 Rad8
34. Nd4 Re7 35. Nhf3 Bf6 36. g4 h6 37. h4 g6 38. Ne1 Red7 39. Nef3 Bxd4+ 40.
Rxd4 Rxd4 41. cxd4 f5 42. g5 hxg5 43. hxg5 Kf7 44. Ke3 Ke6 45. Ne5 Rg8 46. Kd3
Kd5 47. Nc6 Re8 48. Ne5 Rxe5 49. dxe5 Kxe5 50. Ke3 Kd5 51. Kf4 c6 52. bxc6 Kxc6
53. Ke5 b5 54. axb5+ Kxb5 55. Kf6 a4 56. Kxg6 a3 57. Kxf5 a2 58. Kf6 a1=Q+ 59.
Kf7 Qa7+ 60. Kf6 Qb6+ 61. Kf7 Qc7+ 62. Kg6 Qd6+ 63. Kf7 Qd7+ 64. Kf6 Qe8 65. g6
Qg8 66. g7 Kc6 67. Kg6 Kd6 68. Kf6 Kd7 69. Kg6 Ke7 70. Kh6 Kf7 0-1

[Event "Rodovremesterskabet Gruppe D 2004"]
[Site "Rodovre"]
[Date "2004.08.31"]
[Round "1"]
[White "Opstrup, Niels"]
[Black "Clausen, Leif"]
[Result "0-1"]
[WhiteElo "1179"]
[BlackElo "1141"]
[PlyCount "74"]
[EventDate "2004.??.??"]


1. d4 f5 2. c4 Nf6 3. Nc3 e6 4. a3 b6 5. Nf3 Bb7 6. e3 h6 7. Be2 Be7 8. b4 O-O
9. Bb2 d5 10. c5 c6 11. O-O Ne4 12. g3 Nd7 13. Ne1 Ndf6 14. Ng2 Qe8 15. Qe1 b5
16. Nf4 Bc8 17. f3 Nxc3 18. Bxc3 Nh7 19. Rf2 Bg5 20. Ng2 Bf6 21. Bd3 e5 22.
dxe5 Bxe5 23. f4 Bxc3 24. Qxc3 Nf6 25. Re2 a6 26. Rae1 Ra7 27. h3 Re7 28. Nh4
Nh5 29. Bxf5 Nxg3 30. Rg2 Nxf5 31. Ng6 d4 32. Qb3+ Rff7 33. Ne5 Rxe5 34. fxe5
Qxe5 35. Qd1 Nxe3 36. Rxe3 Qxe3+ 37. Kh1 Bxh3 0-1

[Event "Rodovremesterskabet Gruppe D 2004"]
[Site "Rodovre"]
[Date "2004.09.07"]
[Round "2"]
[White "Clausen, Leif"]
[Black "Achton, Steen"]
[Result "0-1"]
[WhiteElo "1141"]
[BlackElo "1158"]
[PlyCount "80"]
[EventDate "2004.??.??"]


1. e4 d5 2. e5 Bf5 3. d4 e6 4. Bd3 Bxd3 5. Qxd3 Nd7 6. Nf3 c5 7. c3 cxd4 8.
cxd4 Ne7 9. O-O Ng6 10. g3 Be7 11. Nc3 a6 12. b3 O-O 13. Bd2 f6 14. exf6 Bxf6
15. Rfe1 Re8 16. Re2 Nb6 17. Rae1 Qd6 18. Bg5 e5 19. dxe5 Bxe5 20. Nxe5 Nxe5
21. Qe3 Nbd7 22. f3 Rf8 23. Bf4 Rae8 24. Qd4 Nxf3+ 25. Kg2 Nxe1+ 26. Kf1 Qc5
27. Qxd5+ Qxd5 28. Nxd5 Rxe2 29. Kxe2 Nc2 30. Kd3 Ne1+ 31. Kc4 b5+ 32. Kb4 Nd3+
33. Ka5 Nxf4 34. Nxf4 Ra8 35. Nd5 Ra7 36. a4 bxa4 37. Kxa4 Rb7 38. Nb4 Nc5+ 39.
Ka3 a5 40. Nc6 Rxb3+ 0-1

[Event "Rodovremesterskabet Gruppe D 2004"]
[Site "Rodovre"]
[Date "2004.09.07"]
[Round "2"]
[White "Hviid, Jens Carl"]
[Black "Hjelm, John"]
[Result "0-1"]
[WhiteElo "1289"]
[BlackElo "1023"]
[PlyCount "28"]
[EventDate "2004.??.??"]


1. c4 e6 2. Nc3 Bb4 3. Qb3 Bxc3 4. Qxc3 Qf6 5. Qg3 e5 6. b3 Ne7 7. Bb2 Nbc6 8.
f4 d6 9. Nf3 Qxf4 10. Qxg7 Rg8 11. Qxh7 Bf5 12. Qh4 Qxh4+ 13. Nxh4 Nb4 14.
O-O-O Nxa2# 0-1

[Event "Rodovremesterskabet Gruppe D 2004"]
[Site "Rodovre"]
[Date "2004.09.07"]
[Round "2"]
[White "Akdag, Dara Sevkan"]
[Black "Opstrup, Niels"]
[Result "1-0"]
[WhiteElo "1298"]
[BlackElo "1179"]
[PlyCount "69"]
[EventDate "2004.??.??"]


1. d4 Nf6 2. c4 c5 3. e3 e6 4. Nc3 d5 5. Nf3 Nc6 6. cxd5 exd5 7. Bb5 Bg4 8. O-O
Rc8 9. Re1 a6 10. Bd3 c4 11. Bc2 Be7 12. e4 dxe4 13. Bxe4 O-O 14. Be3 Re8 15.
h3 Bh5 16. Bf5 Rc7 17. d5 Ne5 18. Bb6 Nxf3+ 19. gxf3 Bd6 20. Rxe8+ Nxe8 21. Ne4
Qe7 22. Nxd6 Qg5+ 23. Bg4 Re7 24. Bd8 Bxg4 25. Bxe7 Qxe7 26. Nxe8 Bxh3 27. Qd2
Qxe8 28. Re1 Qd8 29. d6 Bd7 30. Re7 Kf8 31. Qd5 Be6 32. Qc5 b5 33. Qc6 Qc8 34.
d7 Qd8 35. Re8+ 1-0

[Event "Rodovremesterskabet Gruppe D 2004"]
[Site "Rodovre"]
[Date "2004.09.07"]
[Round "2"]
[White "Meldal, Peter"]
[Black "Lindberg, Ole"]
[Result "1-0"]
[WhiteElo "1216"]
[BlackElo "1248"]
[PlyCount "83"]
[EventDate "2004.??.??"]


1. d4 d5 2. c4 Nf6 3. Nc3 Nc6 4. Bg5 e6 5. Nf3 Be7 6. e3 a6 7. cxd5 Nxd5 8.
Bxe7 Ncxe7 9. Bd3 Nxc3 10. bxc3 Nd5 11. Qc2 Nf6 12. O-O Bd7 13. Ne5 Bc6 14. f4
Nd5 15. Rae1 Qh4 16. f5 Qg5 17. Qf2 Qf6 18. Ng4 Qe7 19. fxe6 Qxe6 20. Ne5 Nf6
21. Bf5 Qe7 22. c4 Rf8 23. Qg3 Nh5 24. Qg4 Nf6 25. Qh3 Rd8 26. Rf4 Qb4 27. Ref1
Bd7 28. Nxd7 Nxd7 29. Re4+ Qe7 30. Rxe7+ Kxe7 31. Qh4+ Nf6 32. Rf4 Kd6 33. Qg3
Ke7 34. c5 b6 35. c6 Nd5 36. Re4+ Kf6 37. Qe5+ Kg5 38. h4+ Kh5 39. g4+ Kxh4 40.
g5+ Kxg5 41. Rg4+ Kh5 42. Qh2# 1-0

[Event "Rodovremesterskabet Gruppe D 2004"]
[Site "Rodovre"]
[Date "2004.09.14"]
[Round "3"]
[White "Opstrup, Niels"]
[Black "Meldal, Peter"]
[Result "0-1"]
[WhiteElo "1179"]
[BlackElo "1216"]
[PlyCount "28"]
[EventDate "2004.??.??"]


1. d4 c5 2. d5 d6 3. c4 Bd7 4. Nc3 Nf6 5. e3 g6 6. Bd3 Bg7 7. Qc2 O-O 8. Nge2
e6 9. e4 Ng4 10. Bd2 exd5 11. exd5 Re8 12. Ne4 Bf5 13. N2g3 Bxe4 14. f3 Bxd3+
0-1

[Event "Rodovremesterskabet Gruppe D 2004"]
[Site "Rodovre"]
[Date "2004.09.14"]
[Round "3"]
[White "Lindberg, Ole"]
[Black "Hviid, Jens Carl"]
[Result "0-1"]
[WhiteElo "1248"]
[BlackElo "1289"]
[PlyCount "130"]
[EventDate "2004.??.??"]


1. e4 d6 2. d4 Nf6 3. Nc3 g6 4. Bc4 a6 5. Nf3 Bg7 6. Ng5 O-O 7. h4 Qd7 8. h5
Qg4 9. hxg6 Qxd1+ 10. Nxd1 hxg6 11. e5 dxe5 12. dxe5 Ng4 13. f4 b5 14. Be2 Bf5
15. Rh4 Nh6 16. Nc3 Bxc2 17. Nd5 Nf5 18. Rh3 c6 19. Ne3 Nxe3 20. Bxe3 Bf5 21.
Rh2 f6 22. exf6 exf6 23. Nf3 Rd8 24. Bd2 Re8 25. g3 Bd3 26. Kd1 Bxe2+ 27. Rxe2
Rxe2 28. Kxe2 Nd7 29. Nh4 Re8+ 30. Kf3 Kf7 31. Rc1 c5 32. f5 Ne5+ 33. Kg2 g5
34. Nf3 c4 35. Nxe5+ Rxe5 36. Bc3 Rd5 37. g4 Bf8 38. Re1 b4 39. Bxf6 Kxf6 40.
Re6+ Kf7 41. Rg6 Rd2+ 42. Kf3 Rxb2 43. Rxa6 c3 44. Ra7+ Be7 45. Ke4 Re2+ 46.
Kd4 Rg2 47. Ke5 Re2+ 48. Kd4 Ke8 49. Ra8+ Kd7 50. Ra7+ Kc8 51. Kd5 c2 52. f6
Bxf6 53. Ra8+ Kb7 54. Rf8 c1=Q 55. Rf7+ Re7 56. Rxf6 Rd7+ 57. Ke6 Qc6+ 58. Kf5
Qc2+ 59. Kxg5 Qxa2 60. Rf5 Qd2+ 61. Kf6 Qd4+ 62. Kg5 Rg7+ 63. Kh6 Qxg4 64. Rb5+
Kc6 65. Rxb4 Qg6# 0-1

[Event "Rodovremesterskabet Gruppe D 2004"]
[Site "Rodovre"]
[Date "2004.09.23"]
[Round "3"]
[White "Achton, Steen"]
[Black "Akdag, Dara Sevkan"]
[Result "0-1"]
[WhiteElo "1158"]
[BlackElo "1298"]
[PlyCount "72"]
[EventDate "2004.??.??"]


1. c4 c5 2. g3 e6 3. Bg2 g6 4. Nc3 Bg7 5. Nf3 Ne7 6. O-O O-O 7. Rb1 Nbc6 8. e3
d5 9. cxd5 Nxd5 10. d4 cxd4 11. exd4 e5 12. Nxd5 Qxd5 13. Nxe5 Qxa2 14. Be3
Nxe5 15. dxe5 Bf5 16. Rc1 Qxb2 17. Bd4 Qb4 18. Bc5 Qb5 19. Bxf8 Rxf8 20. Qd5
Qxd5 21. Bxd5 Bxe5 22. Rfe1 Bg7 23. Bxb7 a5 24. Be4 a4 25. Bxf5 gxf5 26. Re2 a3
27. Ra2 Bb2 28. Rd1 Kg7 29. f4 Rc8 30. Kg2 Kg6 31. h3 Rc2+ 32. Kg1 Bd4+ 33.
Rxd4 Rxa2 34. Rd3 Ra1+ 35. Kf2 a2 36. Rd2 Rf1+ 0-1

[Event "Rodovremesterskabet Gruppe D 2004"]
[Site "Rodovre"]
[Date "2004.10.12"]
[Round "3"]
[White "Hjelm, John"]
[Black "Clausen, Leif"]
[Result "1-0"]
[WhiteElo "1023"]
[BlackElo "1141"]
[PlyCount "85"]
[EventDate "2004.??.??"]


1. e4 e5 2. Nf3 Nc6 3. Bc4 h6 4. d4 exd4 5. Nxd4 Ne5 6. f4 Nxc4 7. b3 Na5 8.
Bb2 b6 9. Nf5 Rh7 10. a3 Bb7 11. Qd3 d5 12. e5 g6 13. Ne3 Qd7 14. b4 Nc6 15.
Qxd5 Qxd5 16. Nxd5 O-O-O 17. Ndc3 Nge7 18. Nd2 Nd4 19. O-O-O Bxg2 20. Rhg1 Bb7
21. Nc4 Nef5 22. Rd3 h5 23. Rgd1 Bh6 24. Nb5 Bxf4+ 25. Kb1 Nc6 26. Nxa7+ Kb8
27. Nxc6+ Bxc6 28. Rxd8+ Kb7 29. Ka2 Bxh2 30. Kb3 h4 31. a4 h3 32. b5 Bxb5 33.
axb5 f6 34. exf6 Rf7 35. R1d7 Rxd7 36. Rxd7 Bf4 37. Rh7 h2 38. f7 Bh6 39. f8=Q
h1=Q 40. Nd6+ Nxd6 41. Qxd6 Qh3+ 42. Bc3 Bf4 43. Qc6+ 1-0

[Event "Rodovremesterskabet Gruppe D 2004"]
[Site "Rodovre"]
[Date "2004.09.21"]
[Round "4"]
[White "Clausen, Leif"]
[Black "Lindberg, Ole"]
[Result "1/2-1/2"]
[WhiteElo "1141"]
[BlackElo "1248"]
[PlyCount "76"]
[EventDate "2004.??.??"]


1. e4 e5 2. Nf3 Nc6 3. Nc3 Nf6 4. d3 Bc5 5. h3 Nd4 6. Nxe5 d6 7. Nf3 Nxf3+ 8.
Qxf3 Be6 9. a3 Qe7 10. b4 Bb6 11. Bg5 d5 12. e5 Bd4 13. exf6 Bxc3+ 14. Kd1 Bxf6
15. Bxf6 Qxf6 16. Qxf6 gxf6 17. f4 O-O-O 18. g4 h5 19. g5 fxg5 20. fxg5 Rhg8
21. h4 Bg4+ 22. Kd2 Rde8 23. Rh2 Re7 24. Rf2 c6 25. Re1 Rxe1 26. Kxe1 Re8+ 27.
Kd2 Re7 28. Be2 Rxe2+ 29. Rxe2 Bxe2 30. Kxe2 Kd7 31. Ke3 Ke6 32. Kf4 b6 33. c3
b5 34. d4 a6 35. Kg3 Kf5 36. Kf3 f6 37. gxf6 Kxf6 38. Kf4 Kg6 1/2-1/2

[Event "Rodovremesterskabet Gruppe D 2004"]
[Site "Rodovre"]
[Date "2004.09.21"]
[Round "4"]
[White "Opstrup, Niels"]
[Black "Achton, Steen"]
[Result "1/2-1/2"]
[WhiteElo "1179"]
[BlackElo "1158"]
[PlyCount "40"]
[EventDate "2004.??.??"]


1. d4 d5 2. c4 c6 3. Nc3 Nf6 4. Nf3 e6 5. Bg5 Nbd7 6. cxd5 cxd5 7. Rc1 Bb4 8.
e3 Qa5 9. Qb3 Ne4 10. a3 Bxc3+ 11. bxc3 Nxg5 12. Nxg5 Qd8 13. Nf3 O-O 14. Bd3
Nf6 15. O-O b6 16. Rc2 Bd7 17. Rfc1 Qe8 18. Qa2 b5 19. Ne5 a6 20. Nxd7 Qxd7
1/2-1/2

[Event "Rodovremesterskabet Gruppe D 2004"]
[Site "Rodovre"]
[Date "2004.09.14"]
[Round "4"]
[White "Akdag, Dara Sevkan"]
[Black "Hjelm, John"]
[Result "1-0"]
[WhiteElo "1298"]
[BlackElo "1023"]
[PlyCount "65"]
[EventDate "2004.??.??"]


1. d4 d6 2. c4 e6 3. Nc3 Bd7 4. Nf3 Be7 5. g3 f5 6. e4 fxe4 7. Nxe4 Nf6 8. Nc3
c6 9. Bg2 Qc7 10. O-O O-O 11. Bf4 Be8 12. c5 Bh5 13. Re1 Qd7 14. cxd6 Bxd6 15.
Bxd6 Qxd6 16. Qb3 Nd5 17. Ng5 Qb4 18. Bxd5 Qxd4 19. Bxe6+ Kh8 20. Nf7+ Bxf7 21.
Bxf7 Nd7 22. Rad1 Qxd1 23. Rxd1 Ne5 24. Bh5 b6 25. Ne4 c5 26. Nd6 c4 27. Nxc4
Nxc4 28. Qxc4 Rac8 29. Qd5 Rc5 30. Qd6 Kg8 31. Qe6+ Kh8 32. Bf7 Rc7 33. Rd7 1-0

[Event "Rodovremesterskabet Gruppe D 2004"]
[Site "Rodovre"]
[Date "2004.09.21"]
[Round "4"]
[White "Meldal, Peter"]
[Black "Hviid, Jens Carl"]
[Result "0-1"]
[WhiteElo "1216"]
[BlackElo "1289"]
[PlyCount "132"]
[EventDate "2004.??.??"]


1. d4 Nf6 2. c4 d6 3. Nc3 g6 4. Nf3 Bg7 5. Bg5 Nbd7 6. e3 h6 7. Bh4 c6 8. Bd3
Qa5 9. O-O c5 10. d5 O-O 11. Qc2 g5 12. Bg3 Nh5 13. Ne4 Ne5 14. Nxe5 Nxg3 15.
Nxg3 Bxe5 16. Nf5 Bxf5 17. Bxf5 b5 18. Bd3 bxc4 19. Bxc4 Rab8 20. Bb3 Qb5 21.
Rac1 a5 22. Rb1 Qd7 23. f4 gxf4 24. exf4 Bd4+ 25. Kh1 Qg4 26. Rf3 Kh8 27. Qe4
Qg6 28. f5 Qf6 29. Qf4 Rg8 30. Rh3 Kh7 31. g4 Rb4 32. Qf3 Be5 33. Rg1 Rf4 34.
Qe3 Rfxg4 35. Rxg4 Rxg4 36. Qf3 Qg5 37. Qf1 Rh4 38. Rxh4 Qxh4 39. Qe2 Qf4 40.
Bc2 Kg7 41. b3 Kf6 42. h3 Qg3 43. Qg2 Qe1+ 44. Qg1 Qc3 45. Qg2 Qa1+ 46. Qg1
Qxa2 47. Qf2 Bg3 48. Qg2 Qa1+ 49. Qg1 Qxg1+ 50. Kxg1 Ke5 51. Kg2 Bh4 52. Kf3
Kxd5 53. Be4+ Kd4 54. Kf4 f6 55. Bf3 Bg5+ 56. Kg4 d5 57. Kh5 Ke5 58. Bg4 d4 59.
Kg6 d3 60. Kf7 Kd6 61. Bf3 a4 62. bxa4 c4 63. a5 c3 64. a6 Be3 65. Be4 c2 66.
Bxd3 c1=Q 0-1

[Event "Rodovremesterskabet Gruppe D 2004"]
[Site "Rodovre"]
[Date "2004.09.28"]
[Round "5"]
[White "Hviid, Jens Carl"]
[Black "Clausen, Leif"]
[Result "1-0"]
[WhiteElo "1289"]
[BlackElo "1141"]
[PlyCount "39"]
[EventDate "2004.??.??"]


1. Nf3 d5 2. g3 Nf6 3. Bg2 Nc6 4. b3 Bg4 5. Bb2 e6 6. d3 Be7 7. Nbd2 O-O 8. O-O
Qd7 9. d4 Rae8 10. c4 dxc4 11. Nxc4 Bxf3 12. Bxf3 Nd5 13. e4 Nb6 14. Rc1 f6 15.
Ne3 e5 16. Bg4 Qd6 17. Nf5 Qb4 18. a3 Qa5 19. Nxe7+ Nxe7 20. Rc5 1-0

[Event "Rodovremesterskabet Gruppe D 2004"]
[Site "Rodovre"]
[Date "2004.09.28"]
[Round "5"]
[White "Lindberg, Ole"]
[Black "Akdag, Dara Sevkan"]
[Result "0-1"]
[WhiteElo "1248"]
[BlackElo "1298"]
[PlyCount "66"]
[EventDate "2004.??.??"]


1. e4 c5 2. Nc3 Nc6 3. Nf3 Nf6 4. d3 g6 5. Be3 d6 6. Be2 Bg7 7. Qd2 Qb6 8. Rb1
Nd4 9. O-O Bg4 10. Bxd4 cxd4 11. Na4 Qa6 12. b3 Bd7 13. Nxd4 Bxa4 14. bxa4 Qxa4
15. Nb5 O-O 16. c4 Nd7 17. Rb3 Qa6 18. Nc7 Qc6 19. Nxa8 Rxa8 20. Rfb1 b6 21. d4
Qc7 22. Bf3 Qxc4 23. e5 Rd8 24. Rc3 Qe6 25. Rbc1 dxe5 26. d5 Qd6 27. Rc8 Nc5
28. Rxd8+ Qxd8 29. Rd1 e4 30. Be2 Nd3 31. f3 Qxd5 32. fxe4 Qc5+ 33. Kh1 Nf2+
0-1

[Event "Rodovremesterskabet Gruppe D 2004"]
[Site "Rodovre"]
[Date "2004.09.28"]
[Round "5"]
[White "Hjelm, John"]
[Black "Opstrup, Niels"]
[Result "1/2-1/2"]
[WhiteElo "1023"]
[BlackElo "1179"]
[PlyCount "92"]
[EventDate "2004.??.??"]


1. e4 d5 2. exd5 Nf6 3. c4 c6 4. dxc6 Nxc6 5. Nc3 e5 6. Be2 e4 7. d3 Bb4 8.
dxe4 Qxd1+ 9. Bxd1 Nxe4 10. Nge2 O-O 11. O-O f5 12. Nxe4 fxe4 13. Be3 Bf5 14.
a3 Bd6 15. Rb1 Na5 16. c5 Be5 17. b4 Nc6 18. Bb3+ Kh8 19. Rfd1 a6 20. Rd2 Rad8
21. Rbd1 Rd3 22. Rxd3 exd3 23. Nf4 Rd8 24. f3 Bxf4 25. Bxf4 Nd4 26. Bc7 Rd7 27.
Bc4 Rxc7 28. Bxd3 Bxd3 29. Rxd3 Rd7 30. Kf2 g6 31. a4 Kg7 32. Rd2 Kf6 33. Ke3
Nf5+ 34. Ke2 Rxd2+ 35. Kxd2 Ke5 36. b5 axb5 37. axb5 Kd5 38. c6 bxc6 39. bxc6
Kxc6 40. Kd3 Kd5 41. g4 Nh4 42. Ke3 g5 43. f4 gxf4+ 44. Kxf4 Ke6 45. Kg5 Ng6
46. Kh6 Kf6 1/2-1/2

[Event "Rodovremesterskabet Gruppe D 2004"]
[Site "Rodovre"]
[Date "2004.10.05"]
[Round "6"]
[White "Opstrup, Niels"]
[Black "Lindberg, Ole"]
[Result "1/2-1/2"]
[WhiteElo "1179"]
[BlackElo "1248"]
[PlyCount "71"]
[EventDate "2004.??.??"]


1. d4 d5 2. c4 Nf6 3. Nc3 dxc4 4. e3 e6 5. a3 Nc6 6. Bxc4 a6 7. Nf3 Bd7 8. O-O
b5 9. Bd3 Bd6 10. Qe2 Nd5 11. e4 Nxc3 12. bxc3 O-O 13. e5 Be7 14. Rd1 Na7 15.
Qe4 g6 16. Qe3 c5 17. Qh6 cxd4 18. Bg5 f6 19. exf6 Rxf6 20. Bxf6 Bxf6 21. cxd4
Bc6 22. Bxg6 hxg6 23. Qxg6+ Kf8 24. Ne5 Be8 25. Qh6+ Bg7 26. Qxe6 Qe7 27. Qf5+
Qf6 28. Qe4 Rd8 29. Rac1 Nc8 30. Rc5 Nd6 31. Qf3 Qxf3 32. Nxf3 Ne4 33. Rf5+ Kg8
34. Ne5 Nd6 35. Rg5 Ne4 36. Rf5 1/2-1/2

[Event "Rodovremesterskabet Gruppe D 2004"]
[Site "Rodovre"]
[Date "2004.10.05"]
[Round "6"]
[White "Achton, Steen"]
[Black "Hjelm, John"]
[Result "1/2-1/2"]
[WhiteElo "1158"]
[BlackElo "1023"]
[PlyCount "59"]
[EventDate "2004.??.??"]


1. c4 Nf6 2. Nc3 e6 3. Nf3 Nc6 4. g3 d6 5. Bg2 Na5 6. O-O Bd7 7. b3 Be7 8. d4
c6 9. Nd2 d5 10. cxd5 cxd5 11. Nf3 h6 12. Bb2 O-O 13. Rc1 b6 14. Nd2 Bc6 15.
Re1 Nb7 16. e4 dxe4 17. Ncxe4 Bd5 18. Nxf6+ Bxf6 19. Bxd5 Qxd5 20. Qf3 Qd7 21.
Qc6 Rfd8 22. Qxd7 Rxd7 23. Nf3 Rad8 24. Rc2 Nd6 25. Ne5 Rb7 26. Rec1 Nf5 27.
Rc8 Rb8 28. R8c7 Bxe5 29. dxe5 Ra8 30. Rb7 1/2-1/2

[Event "Rodovremesterskabet Gruppe D 2004"]
[Site "Rodovre"]
[Date "2004.10.05"]
[Round "6"]
[White "Meldal, Peter"]
[Black "Clausen, Leif"]
[Result "1-0"]
[WhiteElo "1216"]
[BlackElo "1141"]
[PlyCount "107"]
[EventDate "2004.??.??"]


1. d4 f5 2. c4 Nf6 3. Nc3 e6 4. Bg5 Be7 5. g3 O-O 6. Bg2 Nc6 7. Nf3 Qe8 8. O-O
Rb8 9. Nb5 Qd8 10. Bf4 d6 11. c5 a6 12. cxd6 cxd6 13. Nc3 b5 14. a3 Bb7 15. Rc1
Qd7 16. Re1 Rbd8 17. Qc2 Na5 18. Bd2 Nc4 19. Bg5 Be4 20. Nxe4 Nxe4 21. Bxe7
Qxe7 22. e3 Rc8 23. Re2 Qd8 24. Qb1 Qf6 25. Rec2 Rce8 26. a4 Nb6 27. axb5 axb5
28. Rc6 Nc4 29. b3 Ncd2 30. Qd3 Nxf3+ 31. Bxf3 d5 32. Qxb5 Rb8 33. Rb6 Qd8 34.
Rxb8 Qxb8 35. Qxb8 Rxb8 36. Bxe4 fxe4 37. Rb1 g5 38. Rb2 Kf7 39. Kg2 g4 40. b4
h5 41. h3 Kf6 42. b5 Rb6 43. hxg4 hxg4 44. Kf1 e5 45. Ke2 exd4 46. exd4 Ke6 47.
Ke3 Kf5 48. Rb3 Rb7 49. b6 Kg5 50. Rb5 Kg6 51. Rxd5 Rxb6 52. Kxe4 Re6+ 53. Re5
Rf6 54. Ke3 1-0

[Event "Rodovremesterskabet Gruppe D 2004"]
[Site "Rodovre"]
[Date "2004.10.05"]
[Round "6"]
[White "Akdag, Dara Sevkan"]
[Black "Hviid, Jens Carl"]
[Result "0-1"]
[WhiteElo "1298"]
[BlackElo "1289"]
[PlyCount "100"]
[EventDate "2004.??.??"]


1. d4 Nf6 2. c4 d6 3. Nf3 g6 4. Nc3 Bg7 5. e3 Bg4 6. Bd3 Nc6 7. h3 Bxf3 8. Qxf3
Nb4 9. Bb1 Nc6 10. O-O O-O 11. Rd1 Nd7 12. a3 Na5 13. Ba2 c5 14. b4 Nc6 15. b5
cxd4 16. Na4 dxe3 17. Bb2 exf2+ 18. Kxf2 Bxb2 19. Nxb2 Qb6+ 20. Kf1 Nd4 21. Qf2
Nf5 22. Qxb6 axb6 23. Rd3 Nc5 24. Rad1 Nxd3 25. Rxd3 Ng7 26. c5 bxc5 27. Bd5 b6
28. Bc6 Ne6 29. Nc4 Rab8 30. a4 Nd4 31. a5 bxa5 32. Nxa5 Nxb5 33. Bb7 Nd4 34.
Kf2 e5 35. Bd5 Rb2+ 36. Kf1 Ne6 37. Bxe6 fxe6+ 38. Kg1 d5 39. Nc6 e4 40. Rg3 d4
41. Kh2 Rf1 42. Ra3 e3 43. Ra8+ Kg7 44. Ne5 Rb7 45. Ra2 h5 46. Nd3 c4 47. Nc5
Re7 48. Ra6 e2 49. Ne4 e1=Q 50. Rxe6 Rh1# 0-1

[Event "Rodovremesterskabet Gruppe D 2004"]
[Site "Rodovre"]
[Date "2004.??.??"]
[Round "7"]
[White "Clausen, Leif"]
[Black "Akdag, Dara Sevkan"]
[Result "0-1"]
[WhiteElo "1141"]
[BlackElo "1298"]
[PlyCount "40"]
[EventDate "2004.??.??"]


1. d4 c5 2. dxc5 e6 3. b4 a5 4. Bd2 axb4 5. Bxb4 Na6 6. c3 Bxc5 7. Bxc5 Nxc5 8.
g3 Nf6 9. Bg2 O-O 10. e3 d5 11. Ne2 Qb6 12. O-O Nb3 13. Qxb3 Qxb3 14. axb3 Rxa1
15. f3 Bd7 16. e4 Bb5 17. Kf2 dxe4 18. fxe4 Ng4+ 19. Kg1 Bxe2 20. Re1 Bd3 0-1

[Event "Rodovremesterskabet Gruppe D 2004"]
[Site "Rodovre"]
[Date "2004.10.19"]
[Round "7"]
[White "Lindberg, Ole"]
[Black "Achton, Steen"]
[Result "1/2-1/2"]
[WhiteElo "1248"]
[BlackElo "1158"]
[PlyCount "68"]
[EventDate "2004.??.??"]


1. e4 d5 2. d4 dxe4 3. Nc3 Nf6 4. Bc4 e6 5. a3 Nc6 6. Nge2 g6 7. Bg5 Bg7 8.
Nxe4 O-O 9. c3 h6 10. Nxf6+ Bxf6 11. Bxh6 Re8 12. Be3 Kg7 13. Ng3 Rh8 14. Ne4
Be7 15. Qd2 b6 16. d5 exd5 17. Bxd5 Bb7 18. Bxc6 Qxd2+ 19. Kxd2 Bxc6 20. Bd4+
f6 21. f3 Rad8 22. Ng5 Bd7 23. Rae1 Rhe8 24. Ne4 c5 25. Bf2 f5 26. Ng3 Ba4+ 27.
Kc1 Bg5+ 28. Kb1 Rxe1+ 29. Rxe1 Rd1+ 30. Rxd1 Bxd1 31. h4 Bf6 32. Nf1 Ba4 33.
g3 Bc6 34. f4 Be4+ 1/2-1/2

[Event "Rodovremesterskabet Gruppe D 2004"]
[Site "Rodovre"]
[Date "2004.10.19"]
[Round "7"]
[White "Hviid, Jens Carl"]
[Black "Opstrup, Niels"]
[Result "1-0"]
[WhiteElo "1289"]
[BlackElo "1179"]
[PlyCount "69"]
[EventDate "2004.??.??"]


1. Nf3 d5 2. g3 e6 3. Bg2 Nf6 4. b3 c5 5. Bb2 Nc6 6. a4 Be7 7. d3 O-O 8. O-O
Qc7 9. Nbd2 Rd8 10. c3 e5 11. Qc2 d4 12. Ba3 h6 13. cxd4 exd4 14. Rac1 b6 15.
Nc4 Bb7 16. Nfd2 Rab8 17. Ne4 Nxe4 18. Bxe4 Ne5 19. f3 Bd5 20. Nd2 Qd7 21. Bxd5
Qxd5 22. Nc4 Ng6 23. Rb1 Qe6 24. Rf2 Rd5 25. Re1 Rg5 26. e4 Nf4 27. Kh1 Nh3 28.
Rg2 Rh5 29. Qe2 Qf6 30. f4 Qg6 31. Ne5 Nxf4 32. gxf4 Rxh2+ 33. Rxh2 Qe6 34. Nc4
Re8 35. f5 1-0